000 00716nam a2200205 a 4500
001 60849
003 BD-RjUL
005 20211209080905.0
008 170103s1968 bg ||||| |||| 00| 0 eng d
035 _a(BD-RjUL)
040 _aBD-RjUL
_beng
_cBD-RjUL
_dBD-RjUL
041 _aeng
082 _223
_a370.95492
_bEDU 1968
245 _aEducation for all :
_bpapers and proceedings of the symposia, East Pakistan Education Week, 1966-67 /
_cĀbadullāha Āla-Mūtī Sharafuddin
260 _aDacca :
_bSymposium Committee, East Pakistan Education Week,
_c1968
300 _a226 p. ;
_c24 cm.
650 _aEducation
_z Bangladesh
_9178125
700 _aSharafuddin, Ābadullāha Āla-Mūtī
_9181359
942 _2ddc
_cBK
999 _c60849
_d60849